01681nam a2200385 a 4500001001200000003000800012006001900020007001500039008004100054010001700095020002800112040002100140035002000161050002800181082002100209100003400230245011900264260005900383300002300442504006400465533015200529600003400681600006200715610002200777650006900799650005500868650004600923650004800969650003901017650003301056651003401089655002901123710001701152856012601169ebr10001699CaPaEBRm u cr cn|||||||||000317s2000 moua sb s001 0deng  z 00036387  z0826212743 (alk. paper) aCaPaEBRcCaPaEBR a(OCoLC)5741771114aPS3507.A666bZ87 2000eb04a818/.5209aB2211 aWinchell, Mark Royden,d1948-10aWhere no flag fliesh[electronic resource] :bDonald Davidson and the Southern resistance /cMark Royden Winchell. aColumbia, Mo. :bUniversity of Missouri Press,cc2000. axi, 386 p. :bill. aIncludes bibliographical references (p. 361-369) and index. aElectronic reproduction.bPalo Alto, Calif. :cebrary,d2013.nAvailable via World Wide Web.nAccess may be limited to ebrary affiliated libraries.10aDavidson, Donald,d1893-1968.10aDavidson, Donald,d1893-1968xPolitical and social views.20aFugitives (Group) 0aPolitics and literaturezSouthern StatesxHistoryy20th century. 0aCriticismzSouthern StatesxHistoryy20th century. 0aPoets, Americany20th centuryvBiography. 0aEnglish teacherszUnited StatesvBiography. 0aCriticszUnited StatesvBiography. 0aAgrarians (Group of writers) 0aNashville (Tenn.)vBiography. 7aElectronic books.2local2 aebrary, Inc.40uhttp://site.ebrary.com/lib/rucke/Doc?id=10001699zAn electronic book accessible through the World Wide Web; click to view